000 00454nab a2200145Ia 4500
003 ES-SlBCS
005 20210601125205.0
008 140529s1984 xxu||||| |||| 00| 0 eng d
041 _aeng
100 1 _aZimmerman, Michael E.
_950143
245 0 0 _aKarel Kosik's Heideggerian Marxism
_c Michael E. Zimmerman
650 0 4 _aMarxismo Heideggeriano
_9155083
773 0 _tPhilosophical Forum (The)
_gvol. 15, nº. 3, 1984, págs. 209-233
_wRev833
942 _cAR
999 _c526224
_d526224